Do the number 1-20 - Statistics

General Stats
  • This quiz has been taken 71 times
  • The average score is 19 of 20
Answer Stats
Answer % Correct
1
100%
2
100%
3
100%
4
100%
5
100%
6
100%
7
100%
8
100%
9
100%
11
94%
12
94%
13
94%
10
91%
14
91%
15
91%
16
91%
17
91%
18
89%
19
89%
20
80%
No matching quizzes found
Score Distribution
Percent of People with Each Score
Percentile by Number Answered
Your Score History
You have not taken this quiz